000 00620nam a2200181Ia 4500
008 090630s9999 xx 000 0 und d
082 _b1645
100 _aपरांजपे शकुंतला.
245 _aघराचा मालक.
_cपरांजपे शकुंतला.
260 _bदेशमुख.
_c1948
300 _a221
600 _aपरांजपे शकुंतला.
630 _aघराचा मालक.
655 _aकादंबरी.
700 _aपरांजपे शकुंतला.
730 _aघराचा मालक.
942 _cBOOK
999 _c253501
_d253501